LIBRARY & INFORMATION CENTRE, KCAET, TAVANUR

ONLINE PUBLIC ACCESS CATALOGUE (OPAC)

Watershed management in India / (Record no. 10755)

MARC details
000 -LEADER
fixed length control field 00439cam a2200169ua 4500
020 ## - INTERNATIONAL STANDARD BOOK NUMBER
ISBN 81-224-0566-5
041 ## - LANGUAGE CODE
Language code of text/sound track or separate title eng
082 ## - DEWEY DECIMAL CLASSIFICATION NUMBER
Classification number 551.492
Item number MUR/WA
100 ## - MAIN ENTRY--AUTHOR NAME
Personal name Murthy, J.V.S .
245 ## - TITLE STATEMENT
Title Watershed management in India /
260 ## - PUBLICATION, DISTRIBUTION, ETC. (IMPRINT)
Place of publication New Delhi :
Name of publisher Wiley Eastern Ltd ,
Year of publication 1994.
300 ## - PHYSICAL DESCRIPTION
Number of Pages 198 ; .
942 ## - ADDED ENTRY ELEMENTS (KOHA)
Koha item type Books
Holdings
Withdrawn status Lost status Damaged status Home library Current library Date acquired Full call number Accession Number Koha item type
      KAUAET KAUAET 07/04/2012 551.492 MUR/WA 18665 Books
free website counter